Strength of materials / (Record no. 564660)

000 -LEADER
fixed length control field 00462nam a2200145Ia 4500
008 - FIXED-LENGTH DATA ELEMENTS--GENERAL INFORMATION
fixed length control field 210430s9999 xx 000 0 und d
020 ## - INTERNATIONAL STANDARD BOOK NUMBER
International Standard Book Number 0070668957 (paperback) | 97800
082 ## - DEWEY DECIMAL CLASSIFICATION NUMBER
Classification number 620.112
100 ## - MAIN ENTRY--PERSONAL NAME
Personal name S.S.Rattan.
9 (RLIN) 54181
245 ## - TITLE STATEMENT
Title Strength of materials /
Statement of responsibility, etc. S.S.Rattan.
260 ## - PUBLICATION, DISTRIBUTION, ETC.
Place of publication, distribution, etc. [S.l.] :
Name of publisher, distributor, etc. Mcgraw Hill Higher Education,
300 ## - PHYSICAL DESCRIPTION
Extent 1 v. (unpaged)
856 ## - ELECTRONIC LOCATION AND ACCESS
Uniform Resource Identifier <a href="http://www.amazon.com/exec/obidos/ASIN/0070668957/chopaconline-20">http://www.amazon.com/exec/obidos/ASIN/0070668957/chopaconline-20</a>
942 ## - ADDED ENTRY ELEMENTS (KOHA)
Koha item type Book
Source of classification or shelving scheme
Holdings
Withdrawn status Lost status Damaged status Not for loan Collection code Permanent Location Current Location Shelving location Date acquired Total Checkouts Full call number Barcode Date last seen Price effective from Koha item type
          School of Chemical & Materials Engineering (SCME) School of Chemical & Materials Engineering (SCME) General Stacks 01/12/2   620.112 SCME-3880 04/30/2021 04/30/2021 Book
© 2023 Central Library, National University of Sciences and Technology. All Rights Reserved.